Statystyki dla Skład Realu Madryt 2021/22

Kliknij tutaj aby rozwiązać quiz!

Ogólne statystyki

  • Ten quiz został rozwiązany 1 933 razy
  • Średni wynik to 19 z 25

Statystyki odpowiedzi

PozycjaZawodnik% Poprawnych
ŚNKarim Benzema
97%
ŚPLuka Modrić
94%
LNVinicius Junior
89%
ŚPToni Kroos
88%
ŚODavid Alaba
86%
ŚOEder Militao
86%
BRThibaut Courtois
86%
PNRodrygo
85%
ŚPDCasemiro
84%
LOFerland Mendy
83%
PODani Carvajal
81%
LOMarcelo
79%
BRAndriy Lunin
78%
ŚPFederico Valverde
77%
ŚPEduardo Camavinga
74%
LNEden Hazard
70%
PNMarco Asensio
69%
ŚONacho Fernandez
64%
PNGareth Bale
61%
ŚPOIsco
60%
ŚNMariano Diaz
54%
ŚPDani Ceballos
53%
ŚOJesus Vallejo
53%
PNLucas Vazquez
52%
ŚNLuka Jović
51%

Rozkład punktacji

Percentyl według liczby udzielonych odpowiedzi

Procent ludzi z każdym wynikiem

Twoja historia wyników

Nie rozwiązałeś tego quizu